Statistiques concernant Les plus gros partenaires commerciaux - Bulgarie

Cliquez ici pour prendre le quiz!

Statistiques générales

  • Ce quiz a été pris 78 fois
    (65 depuis la dernière actualisation)
  • Le résultat moyen est 16 sur 18

Statistiques - réponses

exportationsimportationspays% Correct
1177 mil912 milFrance
100%
3556 mil3788 milAllemagne
98%
1826 mil1393 milGrèce
98%
2401 mil2289 milItalie
98%
656 mil664 milRoyaume-Uni
98%
2090 mil1796 milTurquie
98%
733 mil1126 milEspagne
97%
2290 mil2007 milRoumanie
97%
2580 milRussie
97%
481 mil1147 milChine
95%
495 milSerbie
93%
706 mil1057 milPays-Bas
88%
648 mil1169 milPologne
88%
715 mil672 milBelgique
84%
1104 milHongrie
83%
445 mil615 milTchequie
83%
508 mil799 milAutriche
79%
436 milMacédoine
71%

Distribution des résultats

Percentile par nombre de réponses

% des personnes avec chaque résultat

Votre développement - résultats

Vous n’avez pas pris ce quiz depuis la dernière actualisation